00818nas a2200229Ia 4500001001100000003000900011008004100020040001300061040001300074041001300087100005200100210001800152222001800170245007500188250001100263260002900274501008600303300001800389362004200407500010300449650003600552R002/E8014IT-RoPAU151124c99999999xx |||||||||||| ||und|| aIT-RoPAU cIT-RoPAU aITALIANO aDe Bernardinis FlaviogCodice Aut. SPICS: 22752 aBIANCO E NERO aBianco E Nero aBIANCO & NERO, ANNO 58-N.1/2 (GENNAIO/GIUGNO 1997)bRaccontare L'Amore a1a ed. aMILANObIL CASTOROc1997 bPaulus - SPICS - Società San Paolo EM (non-commercial uses only)cCopyright2015 a16 p. [71-86] aANNO 058, N.1/2 (GENNAIO/GIUGNO 1997) aTendenza Neo-Romantica nel Cinema Contemporaneo: Riflessioni su Vari Film che Trattano dell'Amore. aCINEMAvPUBBLICAZIONE PERIODICA